Noms des 60 plus grands stades en France - Statistiques

Statistiques générales
  • Ce quiz a été pris 105 fois
  • Le résultat moyen est 27 sur 60
Statistiques - réponses
Nom du Stade Ville Sports Capacité % Correct
Stade de France Saint-Denis (Paris) Football / Rugby à XV 80 698
100%
Stade Vélodrome Marseille Football 67 394
98%
Parc des Princes Paris Football 48 583
93%
Groupama Stadium Décines-Charpieu (Lyon) Football 59 186
91%
Stade Geoffroy-Guichard Saint-Étienne Football 41 965
88%
Stade Pierre-Mauroy Villeneuve-d'Ascq (Lille) Football 50 187
87%
Stade Atlantique Bordeaux Football 42 115
84%
Stade Bollaert-Delelis Lens Football 38 223
84%
Stade de la Beaujoire Nantes Football 35 322
81%
Stade de la Meinau Strasbourg Football 31 000
79%
Allianz Riviera Nice Football 36 178
78%
Stade de Gerland Lyon Rugby à XV 35 029
77%
Roazhon Park Rennes Football 29 778
76%
Stadium de Toulouse Toulouse Football 33 150
75%
Stadium municipal Albi Rugby à XV 14 523
75%
Stade de la Mosson Montpellier Football 22 000
67%
Stade Chaban-Delmas Bordeaux Rugby à XV 32 215
65%
Stade Jean-Bouin Paris Rugby à XV / Football 19 607
63%
Stade Océane Le Havre Football 25 180
63%
Stade Saint-Symphorien Longeville-lès-Metz (Metz) Football 28 786
57%
Stade Charléty Paris Athlétisme / Football 19 151
56%
Stade Raymond-Kopa Angers Football 19 800
55%
Stade de l'Abbé-Deschamps Auxerre Football 18 541
54%
Stade de Roudourou Guingamp Football 18 462
54%
Stade des Alpes Grenoble Football / Rugby à XV 20 068
53%
Stade de l'Aube Troyes Football 21 877
48%
Paris La Défense Arena Nanterre (Paris) Rugby à XV 30 041
45%
Stade Francis-Le Blé Brest Football 15 220
43%
Stade du Moustoir Lorient Football 16 787
42%
Stade Mayol Toulon Rugby à XV 18 300
41%
Stade Armand-Cesari Furiani (Bastia) Football 16 048
40%
Stade Auguste-Delaune Reims Football 20 519
40%
Stade Marcel-Michelin Clermont-Ferrand Rugby à XV 19 357
37%
Stade Marie-Marvingt Le Mans Football 25 064
37%
Stade Michel-d'Ornano Caen Football 20 300
37%
Stade Ernest-Wallon Toulouse Rugby à XV / Rugby à XIII 19 073
35%
Stade Marcel-Picot Tomblaine (Nancy) Football 20 087
35%
Stade Auguste-Bonal Montbéliard Football 20 005
34%
Stade du Hainaut Valenciennes Football 25 000
27%
Court Philippe-Chatrier Paris Tennis 15 225
26%
Parc des sports Annecy Football 13 634
23%
Stade Gaston-Gérard Dijon Football 15 459
23%
Septeo Stadium Montpellier Rugby à XV 15 697
20%
Stade Marcel-Deflandre La Rochelle Rugby à XV 16 689
20%
Stade du Hameau Pau Rugby à XV 14 999
18%
Stade Jean-Dauger Bayonne Rugby à XV 13 507
18%
Stade Louis-Dugauguez Sedan Football 24 389
15%
Stade Aimé-Giral Perpignan Rugby à XV 14 593
14%
Stade Parsemain Fos-sur-Mer (Istres) Football 17 619
13%
Stade Raoul-Barrière Béziers Rugby à XV 18 555
13%
Stade Armandie Agen Rugby à XV 14 400
11%
Stade Robert-Bobin Bondoufle Football 18 850
11%
Stade Gaston-Petit Châteauroux Football 14 500
8%
Stade Georges-Pompidou Valence Football / Rugby à XV 14 380
7%
Stade Jules-Deschaseaux Le Havre Rugby à XV 16 382
7%
Stade Amédée-Domenech Brive-la-Gaillarde Rugby à XV 14 759
6%
Stadium Lille Métropole Villeneuve-d'Ascq (Lille) Rugby à XV 18 500
6%
Stade Jean-Laville Gueugnon Football 14 753
5%
Stade Maurice-Trélut Tarbes Rugby à XV 15 000
5%
Plaine des sports Avignon Rugby à XIII 17 518
3%
Aucun quiz correspondant
Distribution des résultats
% des personnes avec chaque résultat
Percentile par nombre de réponses
Votre historique - résultats
Vous n’avez pas pris ce quiz